000 00563nam a22001697a 4500
003 OSt
005 20171010095524.0
008 110816t xxu||||| |||| 00| 0 eng d
040 _aMMSU
_cULS
100 _aAcidera, Wilma B.
_93240
245 _aPagbuo at pagbalideyt ng aklat-sanayan sa Filipino II sa antas sekundarya
_cWilma B. Acedera
260 _c1999
300 _axvii, 182 leaves
_c28 cm.
500 _aThesis (M.A.Ed-Filipino) -- Mariano Marcos State University-Graduate School, Laoag City
504 _aBibliography: leaves 62-64
942 _2ddc
_cTHEDIS
999 _c9769
_d9769